Serbian cities - hard version - Statistics

General Stats
  • This quiz has been taken 88 times
  • The average score is 18 of 20
Answers on the Grid
Answers color-coded by a green-red scale on the quiz's grid according to % correct below.
Belgrade
Niš
Novi Sad
Subotica
Jagodina
Novi Pazar
Sremska Mitrovica
Leskovac
Vranje
Kruševak
Kragujevac
Čačak
Valjevo
Zrenjanin
Pančevo
Užice
Vranje
Smederevo
Kikinda
Majdanpek
Nitra
Monza
Nikšić
Iași
Košice
Graz
Bern
Newark
Bursa
Varna
Cork
Maribor
Dubrovnik
Pula
Turku
Cluj-Napoca
Yekaterinburg
Gaziantep
Osijek
Kalamata
 
Answer Stats
Answer % Correct
Belgrade
96%
Čačak
93%
Niš
93%
Novi Pazar
92%
Subotica
92%
Valjevo
92%
Kragujevac
91%
Leskovac
91%
Novi Sad
91%
Smederevo
91%
Pančevo
89%
Užice
89%
Vranje
89%
Vranje
88%
Zrenjanin
88%
Jagodina
86%
Sremska Mitrovica
86%
Kikinda
85%
Kruševak
82%
Majdanpek
76%
No matching quizzes found
Score Distribution
Percent of People with Each Score
Percentile by Number Answered
Your Score History
You have not taken this quiz